The classical model of social movements examined

Se describe el modelo clásico de los movimientos sociales, un modelo general causal utilizado para explicar las características de los mismos. Se plantea que, aunque existen muchas variaciones de esta teoría, todas comparten los siguientes principios generales: una falla estructural del sistema soci...

Descripció completa

Guardat en:
Dades bibliogràfiques
Format: Text
Matèries:
Etiquetes: Afegir etiqueta
Sense etiquetes, Sigues el primer a etiquetar aquest registre!

MARC

LEADER 00000 a a2200000 04500
001 40400
003
040
245 |a The classical model of social movements examined  
520 |a Se describe el modelo clásico de los movimientos sociales, un modelo general causal utilizado para explicar las características de los mismos. Se plantea que, aunque existen muchas variaciones de esta teoría, todas comparten los siguientes principios generales: una falla estructural del sistema social, un estado psicológico desestabilizador generado por la misma, y el movimiento social como consecuencia de lo anterior. Posteriormente se detallan dos variaciones de este modelo: la teoría de la sociedad masiva y la del comportamiento colectivo. Finalmente, se critican varios postulados de este modelo, tales como la presunción de que hay una correspondencia necesaria entre falla estructural y movimiento social, la noción del descontento individual como la causa principal de los movimientos sociales y el principio de que los movimientos sociales funcionan como un fenómeno psicológico más que político.  
590 |a DISEMINAR102010/EFU/OCTUBRE2010  
650 |a 1. TEORIA POLITICA  
650 |a 2. TEORIA  
650 |a 3. MOVIMIENTOS SOCIALES  
650 |a 4. CONFLICTOS  
650 |2 Macrothesaurus de la OCDE   |a 5. ESTRUCTURA SOCIAL  
650 |a 6. CAMBIO SOCIAL  
773 |g páginas 5-19  
999 |c 32433  |d 32433